| 000 | 04560nam a2200313 a 4500 | ||
|---|---|---|---|
| 001 | 000000593 | ||
| 003 | DO-SdBPM | ||
| 005 | 20260521103804.0 | ||
| 007 | ta | ||
| 008 | 090331s1998 dr 000 0 spa d | ||
| 020 | _a848953974X | ||
| 020 | _a9788489539747 | ||
| 040 |
_aDO-SdBPM _bspa _cBPMSU _drda |
||
| 082 | 0 | 4 |
_a305.42097293 _bB142t, 1998 _222 |
| 100 | 1 |
_aBáez Díaz, Tomás _d1909-2006 _eautor _4aut. |
|
| 245 | 1 | 0 |
_aTrilogía : _bla mujer aborigen, la mujer en la colonia y la mujer dominicana / _cTomás Báez Díaz. |
| 250 | _a2a. ed. | ||
| 260 |
_aSanto Domingo : _bDe Colores, _c1998. |
||
| 300 |
_a226 páginas ; _c21 cm. |
||
| 336 |
_atexto _btxt _2rdacontent |
||
| 337 |
_asin mediación _bn _2rdamedia |
||
| 338 |
_avolumen _bnc _2rdacarrier |
||
| 505 | 0 | _aPremios Shell "Salomé Ureña de Henríquez" -- Veredicto -- Datos biográficos -- Pórtico -- Introducción -- Participación de la mujer aborigen -- Su contribución al trabajo -- El matrimonio -- Cantos y bailes -- Sacrificio fúnebre -- Agonía de una raza -- Anacaona -- Higuemota y Mencía -- Presencia de la mujer española en la empresa colonizadora -- Trata de blancas o introducción de esclavas -- Doña María de Toledo y su corte -- Doña María de Cuellar -- El virrey trata de impedir la salida para Cuba de las esposas y familia de los colonos -- Mujer cambia el destino de Hernán Cortés -- Matrimonio por palabra de presente -- Presencia de la mujer en la misa del primer domingo de adviento de 1511 -- Ana María Beatriz de Ampiés es acusada de erasmismo ante el tribunal inquisitorial -- Primeras poetisas del Nuevo Mundo -- Elvira de Mendoza -- Leonor de Ovando -- Poetisa Tomasina Leyva y Mosquera -- Teodora y Micaela Gines -- Precursoras del són -- La primera gobernadora en el Nuevo Mundo -- Las viudas -- Las doñas -- Gobernadora contrabandista -- Una mujer caritativa -- Mujer virtuosa -- Doña Isabel Rodríguez de la Romera instituye el mayorazgo de Bastidas -- Mujeres litigantes -- Margarita de Fuenmayor litigia con su padre y con su hermano -- Diversiones de las jóvenes -- Mujer soldado -- Juana de Sotomayor -- María de Segura lleva a Cuba el primer piano -- Instituto de la orden de las mujeres pobres -- Cuadro social de la vida colonial -- Causa contra Andrea Díaz -- Proceso a una mujer casada -- Altos funcionarios abusan de mujeres honestas. Gobernador asedia dama -- Arzobispo Dávila Padilla amonesta a gobernador Osorio -- Miembro de la Real Audiencia se casa con niña de ocho años y ya estaba acusado de un estupro. Juana de Oviedo y Valdez eleva instancia contra el visitador Villagra por estupro -- Epílogo -- La mujer dominicana -- Prólogo -- Introducción -- Capítulo I -- Tratado de Basilea -- Período de tragedias. Éxodo -- Ocupación francesa -- Emigraciones -- Petronila Coca -- Las monjas -- Dominga Núñez -- Francisca Valerio -- Mujeres de sociedad -- Período de la Española Boba -- Capítulo II. Ensaladillas a las muchachas de "Sociedad" -- Una mujer en la trayectoria de una vida -- María Núñez de Cáceres -- Capítulo III. Período de la ocupación haitiana -- Ana de Osorio -- "El terremoto" -- Contribución de la mujer a la causa independentista -- Manuel Diez y Jiménez -- Rosa Duarte -- Josefa Antonia Peréz de la Paz (Chepita) -- Ana Valverde -- Filomena Gómez de Cova -- "La Generala" -- Encarnación Echavarría Villaseca del Monte -- María Trinidad Sánchez -- Manuela Rodríguez -- Capítulo IV -- Período de la anexión a España hasta el año 1930 -- Francisca Cleofes Valdez de Mota -- Salomé Ureña de Henríquez -- Leonor M. Feltz -- Socorro del Rosario Sánchez -- Amelia Francisca de Marchena -- (Amelia Francasci). Virginia Elena Ortea -- Avance de la mujer dominicana. Sus características a principio del siglo XX -- Flérida de Nolasco -- Trinidad Moya de Vásquez (Doña Trina) -- Altagracia Saviñón -- Isabel Amechazurra de Pellerano -- La mujer durante las guerras fraticidas -- Abigaíl Mejía de Fernández -- Evangelina Rodríguez Perozo -- Educadoras -- María Nicolasa Billini -- Ercilia Pepín -- Anacaona Moscoso Puello -- Las dominicanas humildes -- De todas las épocas -- Las lavadoras de oro -- Rezadoras de rosarios -- Decimeras o "echadoras de loas" -- La mujer criolla en el baile y el canto -- Las canasteras -- Bibliografía. | |
| 590 | _aInventariado, 2020/MFF | ||
| 650 | 7 |
_aMujeres _zRepública Dominicana _xHistoria |
|
| 650 | 7 |
_aMujeres _zRepública Dominicana _vBiografías |
|
| 910 | _aVMateo V. Control de calidad BPMSU | ||
| 942 |
_2ddc _cBK |
||
| 999 |
_c15861 _d15861 |
||